000 00493nam a2200181Ia 4500
005 20250508162056.0
008 008 250505s9999 xx 000 0 eng d
037 _aTextual
040 _aFEDL
_beng
_cFEDL
041 _aeng
_2eng
084 _a371.9, SAM
_qFEDL
100 _aSampson Olive C
_9772226
245 0 _aRemedial education
260 _aLondon, UK
_bRoutledge and Kegan Paul
_c1975
300 _ax,99p.
942 _cTEXL
_h371.9, SAM
999 _c1374224
_d1374224